Listen, love /

Bibliographic Details
Main Author: Goedicke, Patricia
Format: Book
Language:English
Published: Daleville, IN : Barnwood Press, 1986.

MARC

Tag First Indicator Second Indicator Subfields
LEADER 00000cam a2200000 a 4500
001 in00000027829
005 20151007054631.0
008 870604s1986 inuc 00010 eng d
010 |a  85072585  
020 |a 0935306390 (pbk.) :  |c $7.95 
035 |a (OCoLC)15808563 
035 |9 AAB5771AM 
040 |a IBS  |c IBS  |d m/c  |d TXA  |d UtOrBLW 
049 |a TXAM  |c [A10206427] 
050 4 |a PS3557.O32  |b L5 1986 
100 1 |a Goedicke, Patricia. 
245 1 0 |a Listen, love /  |c Patricia Goedicke. 
264 1 |a Daleville, IN :  |b Barnwood Press,  |c 1986. 
300 |a 101 pages :  |b portrait ;  |c 23 cm. 
336 |a text  |b txt  |2 rdacontent 
337 |a unmediated  |b n  |2 rdamedia 
338 |a volume  |b nc  |2 rdacarrier 
500 |a Poems. 
999 |a MARS 
999 f f |s f1530529-afce-34d4-901c-c9b1134d0fa8  |i a3d042ec-f5c3-3e46-bcb6-59c4ad24d148  |t 0 
952 f f |p ric  |a Texas A&M University  |b Rellis Campus  |c Joint Library Facility  |d Remote Storage  |t 0  |e PS3557.O32 L5 1986  |h Library of Congress classification  |i unmediated -- volume  |m A14810206427 
998 f f |a PS3557.O32 L5 1986  |t 0  |l Remote Storage